| 000 | 00768nam a2200193 i 4500 | ||
|---|---|---|---|
| 001 | 161185 | ||
| 003 | ES-MaACL | ||
| 005 | 20230906212217.0 | ||
| 008 | 990107s1897 ag |||| | spa d | ||
| 040 |
_aCCPB | B _bspa _cCCPB | B |
||
| 100 | 1 |
_aOutes, Félix F. _987986 |
|
| 245 | 1 | 4 |
_aLos querandíes _b: breve contribución al estudio de la etnografìa argentina / _cFélix F. Outes ; dibujos de E. A. Holmberg, grabados en boj de E. Troncori. |
| 260 |
_aBuenos Aires : _b[s.n.], _c1897 ( _fImp. de Martín Biedma é Hijo) |
||
| 300 |
_a197 p. : _bil., grab. ; _c23 cm. |
||
| 650 | 4 |
_aQuerandíes (Indios) _9170072 |
|
| 700 | 1 |
_aTroncori, E. _9133390 |
|
| 700 | 1 |
_aHolmberg, E. A. _9170073 |
|
| 852 |
_aES-MaACL _jG-3650 _z-- Enc. hol. conservando la cub. original |
||
| 999 |
_c161185 _d161185 |
||